Encyclopedia of environmental pollution and cleanup
Đã lưu trong:
| Tác giả chính: | |
|---|---|
| Định dạng: | Sách |
| Ngôn ngữ: | Undetermined |
| Được phát hành: |
New York
John Wiley and Sons
1999
|
| Những chủ đề: | |
| Các nhãn: |
Thêm thẻ
Không có thẻ, Là người đầu tiên thẻ bản ghi này!
|
| Thư viện lưu trữ: | Trung tâm Học liệu Trường Đại học Cần Thơ |
|---|
| LEADER | 00561nam a2200169Ia 4500 | ||
|---|---|---|---|
| 001 | CTU_50493 | ||
| 008 | 210402s9999 xx 000 0 und d | ||
| 082 | |a 628.521 | ||
| 082 | |b M613/Vol.1 | ||
| 100 | |a DIANE KENDER DITTRICK | ||
| 245 | 0 | |a Encyclopedia of environmental pollution and cleanup | |
| 245 | 0 | |c DIANE KENDER DITTRICK, ROBERT A MEYERS | |
| 260 | |a New York | ||
| 260 | |b John Wiley and Sons | ||
| 260 | |c 1999 | ||
| 650 | |a environmental protection - encyclopedias,pollution - encyclopedias | ||
| 980 | |a Trung tâm Học liệu Trường Đại học Cần Thơ | ||